| 000 | 01059nam a2200301Ia 4500 | ||
|---|---|---|---|
| 003 | OSt | ||
| 005 | 20221006160007.0 | ||
| 006 | a|||||r|||| 00| 0 | ||
| 007 | ta | ||
| 008 | 221006b |||||||| |||| 00| 0 eng d | ||
| 020 |
_a9780312163358 _c _106.29 |
||
| 024 | _a44,015 | ||
| 037 |
_bGift, Korean Embassy (Window on Korea) _cTextual |
||
| 040 |
_aEASL _cEASL _beng |
||
| 041 |
_2eng _aeng |
||
| 082 | _aX.1.N9, N7 | ||
| 100 |
_aUNDERHILL Geoffrey R. D. _9492792 |
||
| 245 | 0 | _aNew world order in international al finance | |
| 260 |
_aLondon _bPalgrave Macmillan _c1997 |
||
| 300 |
_a357p. _ccm. |
||
| 490 |
_v Oth _aMacmillan International Political economy series |
||
| 650 | _a Gen | ||
| 650 |
_a Japan - Financial market reform _9671380 |
||
| 650 |
_a Korea - Globalisation - Financial reform in the East Asian NICs _9671381 |
||
| 650 |
_aSectors - Regions Co-operation - International _9671382 |
||
| 942 |
_hX.1.N9, N7 _cTEXL _2CC |
||
| 999 |
_c1112107 _d1112107 |
||